000 00466nam a22001817a 4500
003 LK-CoDNM
005 20241219150930.0
008 241219b |||||||| |||| 00| 0 eng d
040 _aLK-CoDNM
_dLK-CoDNM
_eLK-CoDNM
041 _aeng
080 _a2
_bJ8
100 _aT.C.Roughley
245 _aOyster Culture On The George's River
260 _aNew South Wales
_bGovernment Printer
_c1922
300 _a69p. : ill , 30 cm
650 _aScience
942 _cBK
999 _c233735
_d233735